| 000 | 01334cam a2200277 4500 | ||
|---|---|---|---|
| 001 | ##B903 | ||
| 008 | 1987 | ||
| 035 | _a(Sirsi) u38627 | ||
| 041 | 0 | _aeng | |
| 050 | 0 | 4 | _a690.2 $2 18 |
| 090 | _aRICS 1987/9 ABC | ||
| 110 | 2 |
_aRoyal Institution of Chartered Surveyors _94900 |
|
| 245 | 0 | 0 | _aForm of agreement for inspection and certification of domestic structures |
| 250 | _aReprinted 1987 | ||
| 260 |
_aLondon _bSurveyors Publications _c1984 |
||
| 300 |
_a3p. _c30cm. |
||
| 350 | _a1.50 | ||
| 490 | 0 | _aRICS Stationery | |
| 520 | _aAccompanies "Guidance notes for the inspection and certification of domestic structures" (ISBN 0854062661). Supersedes 1984 edition (D15406). | ||
| 520 | _aArchived, no longer valid. Can be used where no NHBC registered builder is employed to certify on completion that the property is considered structurally sound and suitable for mortgage or other financial arrangement. | ||
| 520 | _aHome Survey Standard Terms of Engagement can be supplied as an alternative https://www.rics.org/profession-standards/rics-standards-and-guidance/sector-standards/building-surveying-standards/home-surveys/home-survey-standards | ||
| 651 | 4 |
_aEngland and Wales _y1543- |
|
| 690 | _aBUILT ENVIRONMENT-BUILDING INSPECTION | ||
| 942 |
_n0 _2ddc |
||
| 948 | _c04/03/1997 | ||
| 999 |
_c90672 _d90672 |
||